000 00871naa a22002657a 4500
001 BR7900688
003 BR-BrBNA
005 20240918174314.0
007 ta
008 230509b bl.||||| |||| 00| 0 por d
040 _aBR-BrBNA
_bpor
_cBiblioteca Nacional de Agricultura
041 _a(Pt)
072 _aL10
_b6100
090 _aL10 BR7900688
100 1 _aCustodio, R.W.S.
245 1 _aDesempenho de hibridos e linhagens de galinha para corte, em 1973
260 3 _aPiracicaba, SP (Brasil):
_c1978.
500 _aRelatorio cientifico - 1977 Piracicaba, SP (Brasil): 1978. p. 38-41 (BR7900688-AM)L10
650 _aGALINHA PARA CORTE
650 _aHIBRIDO
650 _aLINHAGEM
773 0 _tRelatorio cientifico - 1977 : no. 11 /
_wF30 BR7900679
_gPiracicaba, SP (Brasil), 1978.
_q175 p.
909 _a202404
_bLucia
_c55
_dLucia Elande
942 _cAM
_2AGRIS
999 _c310257
_d310257